000 00779nam a22002057a 4500
005 20100730154235.0
010 _aENG-97029
020 _a9788191052510
_c450.00
035 _aEN-80562
037 _bDBAD/PUB
082 _a338.14
100 _aGolahit, S.B.
_93777
245 _aDrought in India:
_bassessment and impact /
_cby S.B. Golahit
260 _aNew Delhi
_bAkhand Publishing House
_c2010
270 _aL-9A, Ist Floor, Street No. 42 Sadatpur Extension
_bNew Delhi
_e110094
300 _avi, 147p.
_c22cm (Hb)
500 _aincludes bibliographic and indexs
942 _2ddc
_cEN
_h338.14
_mGOL
999 _c38316
_d38316